Dunajská Streda Zlti kastiol
Zobrazenie: Pohľad na Žltý kaštieľ v pozadí za vysokým múrom. Vpravo za múrom vidno vysoké listnaté stromy, v popredí pred budovou sú za oplotením aj ihličnaté stromy. Pred bránou stojí jeden muž a neikoľko detí. V popredí vidno poľnú cestu a za ňou trávnatú plochu pred kaštieľom...
| Format: | Postcard |
|---|---|
| Language: | Slovak Hungarian |
| PhysicalDescription: | 1 pohľadnica kolorovaná 9 x 14 cm |
| Published: |
Dunajská Streda
Kapható Haar Zsigmond, könyvkereskedésében
[medzi 1905 a 1945?]
|
| Subjects: |
MARC
| LEADER | 00000ckm a2200000 a 4500 | ||
|---|---|---|---|
| 001 | vtls001366416 | ||
| 003 | SK-MaSNL | ||
| 005 | 20260512124419.0 | ||
| 007 | kp ho | ||
| 008 | 231120q1905 xo g 0kuslo | ||
| 015 | |a SNBG | ||
| 035 | |a SNK000320086 | ||
| 035 | |a urn:nbn:sk:snk-km43gti | ||
| 035 | |a 87266AAE-D27A-47C5-A9C3-DCAB217A5E37 | ||
| 035 | |a urn:nbn:sk:snk-km00eacq | ||
| 040 | |a SNK |b slo |c SNK |e AACR2 | ||
| 041 | 0 | |a slo |a hun | |
| 043 | |a e-xo--- | ||
| 044 | |a xo |c SK | ||
| 072 | 7 | |a 913 |x Regionálna geografia |2 konspekt | |
| 080 | |a 913(437.6) |2 2011 | ||
| 080 | |a (084.121) |2 2011 | ||
| 080 | |a 728.82 |2 2011 | ||
| 245 | 0 | 0 | |a Dunajská Streda |h grafika |b Zlti kastiol |
| 246 | 3 | 1 | |a Dunajská Streda |b Sárga kastély |
| 260 | |a Dunajská Streda |b Kapható Haar Zsigmond, könyvkereskedésében |c [medzi 1905 a 1945?] | ||
| 300 | |a 1 pohľadnica |b kolorovaná |c 9 x 14 cm | ||
| 500 | |a Názvové údaje prevzaté z obrazovej časti pohľadnice | ||
| 520 | 8 | |a Zobrazenie: Pohľad na Žltý kaštieľ v pozadí za vysokým múrom. Vpravo za múrom vidno vysoké listnaté stromy, v popredí pred budovou sú za oplotením aj ihličnaté stromy. Pred bránou stojí jeden muž a neikoľko detí. V popredí vidno poľnú cestu a za ňou trávnatú plochu pred kaštieľom | |
| 546 | |a Súbežný podnázov v maďarčine | ||
| 546 | |a Názov vydavateľa v maďarčine | ||
| 610 | 2 | 7 | |a Dunajská Streda (Slovensko : kaštieľ) |2 SNKKA |9 172279 |
| 650 | 0 | 7 | |a kaštiele |2 SNKPH |9 28599 |
| 651 | 7 | |a Dunajská Streda (Slovensko) |2 SNKPHgeo |9 17375 | |
| 655 | 7 | |a miestne pohľadnice |2 SNKPH |9 70510 | |
| 852 | |a Slovenská národná knižnica | ||
| 954 | |a pohľadnice pôvodné (slovenské) |2 lita | ||
| 954 | |a pohľadnice cudzojazyčné (svetové) |2 lita | ||
| 958 | |a OND | ||
| 958 | |a GBN | ||
| 958 | |a GC | ||
| 958 | |a EUIPO | ||
| 999 | |c 893749 |d 895679 | ||
| 952 | |t P60, <03>, [BOOK], {603} |a SNK |b SNK |y PREZ |7 0 |p 17A0196637 |o snkSP 10907 |0 0 |1 0 |4 0 |d 1999-06-22 |f 1 |l 0 |r 2005-01-02 00:00:00 |w 2026-02-24 | ||


